000 00618nam a2200217Ii 4500
003 JO-AjNU
008 230606s9999||||xx |||||||||||||| ||und||
020 _a13-007-126767-0
040 _aJO-AjNU
_beng
_erda
_cJO-AjNU
041 _aeng
050 1 4 _aT57.6.H54.2010
100 3 _aHillier,Frederick/Lieberman,Gerald,
_eauthor
_91035
245 0 0 _aIntroduction to Operations Research
250 _a9 ed
264 3 1 _aLondon:Mcgraw hill,2010
300 _a1046p
336 _atext
_btxt
_2rdacontent
337 _aunmediated
_bn
_2rdamedia
338 _avolume
_bnc
_2rdacarrier
650 4 _aOPERATION PESEARCH
_91036
999 _aE544
_c544
_d544